Titian: 1477?-1576

Saved in:
Bibliografiske detaljer
Hovedforfatter: Laver, James (Author)
Format: Bog
Sprog:engelsk
Udgivet: Londres Faber and Faber 1950
Udgivelse:1a. ed
Serier:The Faber Gallery
Fag:
Tags: Tilføj Tag
Ingen Tags, Vær først til at tagge denne postø!

MARC

LEADER 00000cam a2200000 a 4500
001 UCF9748
003 CL-VaPUC
008 131213e19500000uk |||||||||||||||||eng|d
082 0 4 |a 759.03  |b LAV  |2 21 
100 |a Laver, James  |e author  |9 572142 
245 1 0 |a Titian: 1477?-1576 
250 |a 1a. ed 
300 |a 24 p 
942 |c BK 
945 |d 20131213 11:12:00  |a dcastane 
260 |a Londres  |b Faber and Faber  |c 1950 
600 0 7 |a VECELLIO, TIZIANO  |2 CL-VaPUC  |9 572143 
650 0 |a Pintura italiana  |9 265293 
650 0 |a Pintores italianos  |9 265277 
650 7 |a PINTORES RENACENTISTAS  |2 CL-VaPUC  |9 456682 
583 |a last modification  |c 20131213 11:12:00  |k Rodrigo Vera 
490 0 |a The Faber Gallery 
999 |c 354159  |d 354157 
952 |0 0  |1 0  |3 erb  |4 0  |6 759_030000000000000_LAV_1950  |7 0  |8 A  |9 459819  |a BIBART  |b BIBART  |i 5028892  |o 759.03 LAV 1950  |p 5028892  |r 2025-03-13  |w 2019-11-23  |y BK  |z Catalogado en:20131213  |k ART